000 00468nam a2200181Ia 4500
001 3347
005 20260306145637.0
008 260306t2005||||xx |||||||||||||| ||spa||
041 _aESP
082 _a270
_bLL758 T. 1
100 _aLlorca, Bernardino
_eAUT
245 0 _aHistoria de la Iglesia Católica:
_bedad antigua: la Iglesia en el mundo grecorromano
260 _c2005
300 _a
_c19 cm.
650 _aGEN
654 _aCHU
942 _cLIB
_dJUS
_fJUS
_2ddc
_n
999 _c3347
_d3347